| 000 | 00538cam a22001812 4500 | ||
|---|---|---|---|
| 001 | 0000009428 | ||
| 005 | 20151217160119.0 | ||
| 008 | 081027s xx 000 0 eng d | ||
| 020 |
_a0333604555 : _cKES 221.25 |
||
| 040 |
_aKABU _cKABU |
||
| 100 | 1 |
_aHardy, Thomas. _@0000160884 |
|
| 245 | 1 | 0 |
_aTess of the D'Urbervilles / _cThomas Hardy; adapted by Richard Sellwood. |
| 260 |
_aOxford : _bMacmillan Education, _c1985. |
||
| 300 | _a115 p. | ||
| 908 | _a081027 | ||
| 950 | _@1 | ||
| 999 |
_c14473 _d14473 |
||